[Event "XII Guillermo Garcia Prem II"]
[Site "Santa Clara CUB"]
[Date "2004.05.26"]
[Round "6"]
[White "Vera,R"]
[Black "Esquivel,L"]
[Result "1-0"]
[WhiteElo "2444"]
[BlackElo "2314"]

1.Nf3 Nf6 2.c4 e6 3.Nc3 d5 4.d4 Be7 5.Bf4 O-O 6.e3 c5 7.dxc5 Bxc5 8.a3 a6
9.cxd5 Nxd5 10.Nxd5 Qxd5 11.Qc2 Be7 12.Bd3 h6 13.O-O Nd7 14.Rfd1 Qc5 15.Qd2 e5
16.Bg3 Bf6 17.Rac1 Qb6 18.Qc2 e4 19.Bxe4 Qxb2 20.Qc7 Bd8 21.Qd6 Qf6 22.Rxc8 Qxd6
23.Bxd6 Rxc8 24.Bxb7 Rc3 25.Bxa6 Bf6 26.Bxf8 Nxf8 27.a4 Ne6 28.Bb5 Ra3 29.Rc1 Bc3
30.g3 Nc7 31.Bc6 Ne6 32.Kg2 Kf8 33.Rb1 Nc5 34.Rb5 Ne6 35.Rb8+ Ke7 36.Rb7+ Kd6
37.Bb5 Nc7 38.Rb6+ Ke7 39.Rc6 Nd5 40.Bc4 Nb4 41.Rc7+ Kd6 42.Ra7 Nc6 43.Rxf7 Rxa4
44.Bb5 Ra7 45.Rf8 Ne7 46.h4 Ra2 47.Bc4 Ra4 48.Bd3 Ra2 49.Rd8+ Kc7 50.Re8 Kd6
51.g4 Rb2 52.Kg3 Kd7 53.Rf8 Rb4 54.Bf5+ Kc7 55.Re8 Nxf5+ 56.gxf5 Bf6 57.e4 Kd7
58.Re6 Bc3 59.Ne5+ Bxe5+ 60.Rxe5 Rb6 61.Re6 Rb3+ 62.Kg4  1-0

[Event "5th IECC"]
[Site "Antalya TUR"]
[Date "2004.05.27"]
[Round "11"]
[White "Yeke,S"]
[Black "Idrizaj,A"]
[Result "0-1"]
[WhiteElo "2238"]
[BlackElo "2249"]

1.Nf3 d5 2.d4 e6 3.c4 Nf6 4.Nc3 Be7 5.Bf4 O-O 6.e3 a6 7.Qc2 dxc4 8.Bxc4 b5
9.Bd3 Bb7 10.Ng5 g6 11.Nge4 Nbd7 12.O-O-O b4 13.Na4 Nd5 14.Bh6 Re8 15.g4 b3
16.Qxb3 Nb4 17.f3 Rb8 18.Bc4 Bd5 19.Bxd5 exd5 20.Nec5 Nxc5 21.Nxc5 Bxc5 22.dxc5 Qf6
23.Rd4 Nc6 24.Rf4 Qe5 25.Qc3 Qxc3+ 26.bxc3 Rxe3 27.Rxf7 Rxc3+ 28.Kd2 Kxf7
29.Kxc3 Rb4 30.Kd3 Rc4 31.Rb1 Rxc5 32.Rb7 Ke6 33.Bf4 Ne5+ 34.Bxe5 Kxe5 35.Rb8 Ra5
36.Re8+ Kd6 37.f4 Rxa2 38.f5 gxf5 39.gxf5 Rxh2 40.Ke3 Rh1 41.Kf4 Rf1+ 42.Kg5 d4
43.f6 d3 44.Rd8+ Ke5  0-1

[Event "57th ch-RUS Qualifier"]
[Site "St Petersburg RUS"]
[Date "2004.05.28"]
[Round "7"]
[White "Dreev,A"]
[Black "Zvjaginsev,V"]
[Result "1/2-1/2"]
[WhiteElo "2689"]
[BlackElo "2654"]

1.d4 Nf6 2.c4 e6 3.Nf3 d5 4.Nc3 Be7 5.Bf4 O-O 6.e3 Nbd7 7.a3 c5 8.cxd5 Nxd5
9.Nxd5 exd5 10.dxc5 Nxc5 11.Be2  1/2-1/2

[Event "3rd ACP Blitz Octofinal"]
[Site "playchess.com INT"]
[Date "2004.06.05"]
[Round "4"]
[White "Gustafsson,J"]
[Black "Shabalov,A"]
[Result "1/2-1/2"]
[WhiteElo "2579"]
[BlackElo "2624"]

1.Nf3 d5 2.d4 Nf6 3.c4 e6 4.Nc3 Be7 5.Bf4 O-O 6.e3 Nbd7 7.a3 c5 8.cxd5 exd5
9.Bd3 a6 10.a4 Re8 11.O-O Nf8 12.h3 Ng6 13.Bg3 Be6 14.dxc5 Bxc5 15.Nd4 Rc8
16.Qb3 Qd7 17.Rfd1 Ba7 18.a5 Qe7 19.Na4 Bxd4 20.exd4 Ne4 21.Bxe4 dxe4 22.d5 Bd7
23.Nb6 Rc5 24.d6 Qd8 25.Rac1 Rxc1 26.Rxc1 e3 27.fxe3 Qg5 28.Nxd7 Qxg3 29.Nf6+ gxf6
30.d7 Rf8 31.Rc8 Qd6 32.Qxb7 Kg7 33.Re8 Qd1+ 34.Kh2 Qd6+ 35.Kg1 Qd1+ 36.Kf2 Qd2+
37.Kg1 Qd1+  1/2-1/2

[Event "Summer III"]
[Site "Alushta UKR"]
[Date "2004.06.07"]
[Round "3"]
[White "Tishin,D"]
[Black "Itkis,B"]
[Result "1/2-1/2"]
[WhiteElo "2372"]
[BlackElo "2436"]

1.d4 d5 2.c4 e6 3.Nf3 Nf6 4.Nc3 Be7 5.Bf4 O-O 6.e3 b6 7.Be2 Bb7 8.O-O dxc4
9.Bxc4 Nbd7 10.Qe2 a6 11.Rfd1 Nh5 12.Bg3 Nxg3 13.hxg3 Qb8  1/2-1/2

[Event "Dake Mem"]
[Site "McMinnville USA"]
[Date "2004.06.09"]
[Round "5"]
[White "Golod,V"]
[Black "Zilberstein,Dm"]
[Result "1-0"]
[WhiteElo "2552"]
[BlackElo "2392"]

1.Nf3 Nf6 2.c4 e6 3.d4 d5 4.Nc3 Be7 5.Bf4 O-O 6.e3 Nbd7 7.a3 c5 8.cxd5 Nxd5
9.Nxd5 exd5 10.dxc5 Nxc5 11.Be2 a5 12.Be5 a4 13.Rc1 Be6 14.O-O Rc8 15.Nd4 Qa5
16.Bg4 Rfe8 17.Bxe6 fxe6 18.Qg4 Bf8 19.Nxe6 Rxe6 20.Rxc5 Qxc5 21.Qxe6+ Kh8
22.Rd1 Qc6 23.Qf7  1-0

[Event "FSGM June"]
[Site "Budapest HUN"]
[Date "2004.06.14"]
[Round "10"]
[White "Paschall,W"]
[Black "Farago,I"]
[Result "1/2-1/2"]
[WhiteElo "2381"]
[BlackElo "2507"]

1.d4 d5 2.c4 e6 3.Nf3 Be7 4.Nc3 Nf6 5.Bf4 O-O 6.e3 c5 7.dxc5 Bxc5 8.cxd5 Nxd5
9.Nxd5 Qxd5 10.Qxd5 exd5 11.Bd3 Bg4 12.Ke2 Nc6  1/2-1/2

[Event "8th Open"]
[Site "Voronezh RUS"]
[Date "2004.06.20"]
[Round "9"]
[White "Nikuljshin,K"]
[Black "Bratus,P"]
[Result "0-1"]
[WhiteElo "2348"]
[BlackElo "2208"]

1.d4 d5 2.c4 e6 3.Nf3 Nf6 4.Nc3 Be7 5.Bf4 O-O 6.e3 c6 7.h3 Nbd7 8.Bd3 dxc4
9.Bxc4 b5 10.Bd3 a6 11.a4 b4 12.Ne4 c5 13.Rc1 Qb6 14.Qc2 cxd4 15.Nxd4 Bb7
16.Nc6 Bxc6 17.Qxc6 Qxc6 18.Rxc6 Rfc8 19.Rxc8+ Rxc8 20.Ke2 Nxe4 21.Bxe4 f5
22.Bb1 Bf6 23.Rd1 Nc5 24.Rc1 Bxb2 25.Rc4 b3 26.Bd6 Ba3 27.f3 Rc6 28.Be5 Kf7
29.e4 g6 30.g4 fxg4 31.hxg4 h5 32.g5 Rb6 33.Bc7 Rc6 34.Bg3 Rc8 35.Bf2 e5
36.f4 exf4 37.e5 Re8 38.Rxf4+ Kg8 39.Bxg6 Rxe5+ 40.Kf3 Ne6 41.Rf5 Rxf5+ 42.Bxf5 Nxg5+
43.Ke2 Kg7 44.Bd4+ Kh6 45.Kd3 h4 46.Kc3 b2 47.Be5 h3 48.Bf4 Kh5 49.Kb3  0-1

[Event "Masters"]
[Site "Grenoble FRA"]
[Date "2004.06.25"]
[Round "9"]
[White "Foisor,O"]
[Black "Adda,O"]
[Result "1-0"]
[WhiteElo "2411"]
[BlackElo "2181"]

1.c4 e6 2.d4 Nf6 3.Nc3 d5 4.Nf3 Be7 5.Bf4 O-O 6.e3 c5 7.dxc5 Nc6 8.a3 Bxc5
9.Qc2 Qa5 10.Rd1 Ne4 11.cxd5 Nxc3 12.bxc3 exd5 13.Rxd5 Qxa3 14.Ng5 g6 15.Bc4 Bb4
16.cxb4 Nxb4 17.Qd2 Nxd5 18.Bxd5 Qa1+ 19.Ke2 Bg4+ 20.f3 Qxh1 21.fxg4 Qb1
22.Kf2 Rac8 23.Be4 Rcd8 24.Qc3 Qd1 25.Nf3 Rc8 26.Qf6 Qd8 27.Qb2 Qb6 28.Qa1 Rfd8
29.Bh6 f6 30.Qa2+ Kh8 31.Qf7 Qb2+ 32.Kg3 Rg8 33.Nd4 Qb6 34.Ne6 Rc7 35.Qxf6+ Rcg7
36.Bxg7+  1-0

[Event "5th Open"]
[Site "Marseille FRA"]
[Date "2004.06.28"]
[Round "4"]
[White "Savchenko,S"]
[Black "Dobrev,N"]
[Result "0-1"]
[WhiteElo "2533"]
[BlackElo "2420"]

1.d4 d5 2.c4 e6 3.Nc3 Be7 4.Nf3 Nf6 5.Bf4 O-O 6.e3 c5 7.dxc5 Bxc5 8.cxd5 exd5
9.Be2 Nc6 10.O-O a6 11.Rc1 Ba7 12.Ne5 Bb8 13.Nxc6 bxc6 14.Bxb8 Rxb8 15.Na4 Qd6
16.a3 a5 17.Qd4 Re8 18.f3 Rb3 19.e4 Nh5 20.Qc5 Qe5 21.Qxc6 Rb8 22.Bb5 Rd8
23.Qc5 Qg5 24.Qd4 Bh3 25.Rc2 Rbc8 26.Qf2 dxe4 27.Rxc8 Rxc8  0-1

[Event "TCh-GRE"]
[Site "Aghia Pelagia GRE"]
[Date "2004.07.04"]
[Round "1"]
[White "Svetushkin,D"]
[Black "Georgiev,Ki"]
[Result "0-1"]
[WhiteElo "2546"]
[BlackElo "2626"]

1.d4 Nf6 2.c4 e6 3.Nf3 d5 4.Nc3 Be7 5.Bf4 O-O 6.e3 Nbd7 7.Qc2 c5 8.dxc5 Nxc5
9.Be2 dxc4 10.Bxc4 a6 11.a4 b6 12.O-O Bb7 13.Ne5 Qc8 14.Rac1 Nh5 15.Rfd1 Bf6
16.Bf1 Nxf4 17.exf4 Rd8 18.a5 Bxe5 19.fxe5 bxa5 20.Rd6 Qb8 21.Rcd1 Rc8 22.R1d4 Bc6
23.Rc4 Qa7 24.Qd2 Bb5 25.Rg4 Bxf1 26.Qh6 g6 27.Kxf1 Rf8 28.Nd5 f5 29.exf6 exd5
30.Qg5 Qf7 31.Rxd5 Ne6 32.Qe3 Nf4 33.Rd4 Nd5 34.Qd3 Qxf6 35.Qd2 Qf5 36.g3 Rae8  0-1

[Event "22nd Open"]
[Site "Andorra la Vella AND"]
[Date "2004.07.05"]
[Round "3"]
[White "Peralta,Fe"]
[Black "Nezad,H"]
[Result "1-0"]
[WhiteElo "2541"]
[BlackElo "2312"]

1.d4 d5 2.c4 e6 3.Nc3 Be7 4.Nf3 Nf6 5.Bf4 O-O 6.e3 Nbd7 7.c5 c6 8.Bd3 b6
9.b4 a5 10.a3 Ba6 11.O-O Qc8 12.h3 Qb7 13.Qc2 Bxd3 14.Qxd3 Ra7 15.Nd2 Rfa8
16.Rab1 axb4 17.axb4 b5 18.Nb3 Bd8 19.Qc2 h6 20.Ra1 Ne4 21.Rxa7 Rxa7 22.Ne2 Ra4
23.f3 Nef6 24.Qc3 Nb8 25.Nec1 Na6 26.Nd3 Qa8 27.Ra1 Qb7 28.Nbc1 Nd7 29.Ra3 Nc7
30.Rxa4 bxa4 31.Qa3 Qa6 32.Nb2 Nb5 33.Qxa4 Qb7 34.Nbd3 f6 35.Ne2 Kf7 36.Kf2 Ke8
37.Ke1 Nb8 38.Kd2 Na6 39.Nc3 Nbc7 40.Bxc7 Nxc7 41.Ne1 e5 42.Nc2 Kf8 43.Kc1 Kg8
44.Kb2 Kh7 45.Na3 exd4 46.exd4 f5 47.b5 cxb5 48.Naxb5 Bf6 49.Kc2 Nxb5 50.Qxb5 Qa8
51.Qa4 Qxa4+ 52.Nxa4 Bxd4 53.c6 Be5 54.Nb6 d4 55.Nd7 Bd6 56.Nf8+  1-0

[Event "GP CG de l'Heralt"]
[Site "Montpellier FRA"]
[Date "2004.07.06"]
[Round "2"]
[White "Pert,R"]
[Black "Paci,C"]
[Result "1-0"]
[WhiteElo "2407"]
[BlackElo "2240"]

1.d4 d5 2.c4 e6 3.Nf3 Nf6 4.Nc3 Be7 5.Bf4 O-O 6.e3 c5 7.dxc5 Bxc5 8.Qc2 Nc6
9.Rd1 Qa5 10.Be2 Bd7 11.O-O Rfd8 12.cxd5 Nb4 13.Qd2 Ba4 14.Nxa4 Rxd5 15.Qc3  1-0

[Event "22nd Open"]
[Site "Andorra la Vella AND"]
[Date "2004.07.08"]
[Round "6"]
[White "Postny,E"]
[Black "Del Rio Angelis,S"]
[Result "1/2-1/2"]
[WhiteElo "2563"]
[BlackElo "2502"]

1.d4 Nf6 2.c4 e6 3.Nf3 d5 4.Nc3 Be7 5.Bf4 O-O 6.e3 Nbd7 7.c5 Nh5 8.Bd3 Nxf4
9.exf4 c6 10.O-O b6 11.b4 bxc5 12.bxc5 Qa5 13.Qc2 g6 14.Qd2 Kg7 15.Rfb1 Ba6
16.Bxa6 Qxa6 17.Rb3 Rab8 18.Rab1 Rxb3 19.Rxb3 Rb8 20.g3 Qc4 21.Ra3 Bf6 22.Kg2 Rb4
23.Ne2 Qb5 24.Nc3 Qc4 25.Ne2 Qb5 26.Qd3 Qxd3 27.Rxd3 Rb2 28.Rd2 Rxd2 29.Nxd2 Bd8
30.Nb3 f6 31.Nec1 Kf7 32.Nd3 Bc7 33.Nb4 Nb8 34.Nd3  1/2-1/2

[Event "Quebec Blitz"]
[Site "Montreal CAN"]
[Date "2004.07.24"]
[Round "2.2"]
[White "Korchnoi,V"]
[Black "Castaneda,N"]
[Result "1-0"]
[WhiteElo "2568"]
[BlackElo "2288"]

1.d4 Nf6 2.c4 e6 3.Nf3 d5 4.Nc3 Be7 5.Bf4 O-O 6.e3 b6 7.cxd5 Nxd5 8.Nxd5 Qxd5
9.a3 c5 10.dxc5 Qxc5 11.Rc1 Qa5+ 12.Qd2 Qh5 13.Be2 Ba6 14.Ne5 Bxe2 15.Qxe2 Qxe2+
16.Kxe2 f6 17.Nc6 Nxc6 18.Rxc6 Rac8 19.Rhc1 Rxc6 20.Rxc6 e5 21.Bg3 Kf7 22.f3 Rd8
23.Rc7 a5 24.e4 Ke6 25.Bf2 Rd6 26.Rb7 Bd8 27.Rxg7 h5 28.Rb7 f5 29.exf5+ Kxf5
30.g3 h4 31.g4+ Ke6 32.Be3 Rc6 33.Kd3 a4 34.h3 Kd5 35.Rd7+ Rd6 36.Rxd6+ Kxd6  1-0

[Event "Quebec Open"]
[Site "Montreal CAN"]
[Date "2004.07.25"]
[Round "9"]
[White "Korchnoi,V"]
[Black "Barsov,A"]
[Result "1/2-1/2"]
[WhiteElo "2568"]
[BlackElo "2497"]

1.d4 d5 2.c4 e6 3.Nc3 Be7 4.Nf3 Nf6 5.Bf4 O-O 6.e3 c5 7.dxc5 Bxc5 8.cxd5 Nxd5
9.Nxd5 exd5 10.Bd3 Bb4+ 11.Ke2 Nc6  1/2-1/2

[Event "12th GM"]
[Site "Lippstadt GER"]
[Date "2004.07.27"]
[Round "4"]
[White "Baramidze,D"]
[Black "Schenk,A"]
[Result "1/2-1/2"]
[WhiteElo "2487"]
[BlackElo "2483"]

1.d4 d5 2.c4 e6 3.Nf3 Be7 4.Nc3 Nf6 5.Bf4 O-O 6.e3 c5 7.dxc5 Bxc5 8.cxd5 Nxd5
9.Nxd5 exd5 10.a3 Nc6 11.Bd3 Bb6 12.O-O d4 13.e4 Bg4 14.h3 Bh5 15.g4 Bg6
16.Nd2 Bc7 17.Bxc7 Qxc7 18.f4 f6 19.Rc1 Kh8 20.Qf3 Rae8 21.h4  1/2-1/2

[Event "Mark Pinto IM"]
[Site "San Francisco USA"]
[Date "2004.07.27"]
[Round "7"]
[White "Ganbold,O"]
[Black "Thornally,F"]
[Result "1/2-1/2"]
[WhiteElo "2384"]
[BlackElo "2299"]

1.d4 d5 2.c4 e6 3.Nc3 Nf6 4.Nf3 Be7 5.Bf4 O-O 6.e3 c5 7.dxc5 Bxc5 8.cxd5 Nxd5
9.Nxd5 exd5 10.a3 Nc6 11.Bd3 Bb6 12.O-O d4 13.e4 Bg4 14.h3 Qf6  1/2-1/2

[Event "12th GM"]
[Site "Lippstadt GER"]
[Date "2004.07.28"]
[Round "5"]
[White "Schenk,A"]
[Black "Koneru,H"]
[Result "1/2-1/2"]
[WhiteElo "2483"]
[BlackElo "2511"]

1.d4 d5 2.c4 e6 3.Nc3 Nf6 4.Nf3 Be7 5.Bf4 O-O 6.e3 c5 7.dxc5 Qa5 8.Bd6 Bxd6
9.cxd6 Rd8 10.Qa4 Qb6 11.Qa3 Na6 12.cxd5 Nb4 13.Rc1 exd5 14.Be2 Bg4 15.O-O a5
16.Qb3 Qxd6 17.Rfd1 Be6 18.Nb5 Qe7 19.Nbd4 Ne4 20.a3  1/2-1/2

[Event "ch-GBR"]
[Site "Scarborough ENG"]
[Date "2004.08.10"]
[Round "8"]
[White "Gordon,S"]
[Black "Haslinger,S"]
[Result "0-1"]
[WhiteElo "2338"]
[BlackElo "2408"]

1.d4 d5 2.c4 e6 3.Nf3 Nf6 4.Nc3 Be7 5.Bf4 O-O 6.e3 c5 7.dxc5 Bxc5 8.cxd5 Nxd5
9.Nxd5 exd5 10.a3 Nc6 11.Bd3 Bb6 12.O-O d4 13.Qc2 h6 14.e4 Qf6 15.Bg3 Bg4
16.Nd2 Rac8 17.Qb1 h5 18.f3 Be6 19.Qe1 Qh6 20.f4 Ne5 21.fxe5 Qe3+ 22.Kh1 Qxd3
23.Bf4 Rc2 24.h3 Rfc8 25.Rf3 Qb5 26.b4 Bd8 27.Qf2 h4 28.Rg1 R8c3 29.g3 Rxf3
30.Qxf3 Rc3 31.Qh5 Qd3 32.Bg5 Rc2 33.Rg2 Bxh3 34.Rf2 Rc1+  0-1

[Event "HZ Open"]
[Site "Vlissingen NED"]
[Date "2004.08.14"]
[Round "9"]
[White "Sparreboom,W"]
[Black "Vandersmissen,M"]
[Result "0-1"]
[WhiteElo "2035"]
[BlackElo "2199"]

1.d4 d5 2.c4 e6 3.Nc3 Be7 4.Nf3 Nf6 5.Bf4 O-O 6.cxd5 exd5 7.e3 c6 8.Bd3 Re8
9.Qc2 a5 10.O-O Na6 11.a3 Nc7 12.Ng5 g6 13.e4 dxe4 14.Ngxe4 Ne6 15.Be5 Nxd4
16.Qa4 Nxe4 17.Bxe4 Bf6 18.Bxf6 Qxf6 19.Rad1 Rd8 20.Rd3 Be6 21.Bd5 Bxd5 22.Rxd4 b5
23.Nxd5 Rxd5 24.Rf4 Qxb2 25.Qe4 Qxa3 26.Re1 Rad8 27.Qe2 Qd6 28.Re4 a4 29.h4 Rd1
30.Qg4 f5  0-1

[Event "Open A"]
[Site "Riga LAT"]
[Date "2004.08.18"]
[Round "6"]
[White "Butnorius,A"]
[Black "Klovans,J"]
[Result "1-0"]
[WhiteElo "2423"]
[BlackElo "2456"]

1.d4 Nf6 2.c4 e6 3.Nc3 d5 4.Nf3 Be7 5.Bf4 O-O 6.e3 b6 7.Bd3 Bb7 8.cxd5 exd5
9.O-O c5 10.Ne5 Nc6 11.Qf3 cxd4 12.Nxc6 Bxc6 13.exd4 Qd7 14.Be5 Rfe8 15.Bf5 Qb7
16.Rfe1 b5 17.Re3 b4 18.Ne2 Bd7 19.Ng3 Rac8 20.Rae1 Qc6 21.Bxd7 Qxd7 22.Nf5 Bd8
23.Nd6 Ng4 24.R3e2 Nxe5 25.dxe5 Bb6 26.Nxe8 Rxe8 27.h3 h6 28.Qd3 Re6 29.Kh1 g5
30.Rd1 d4 31.b3 Qe7 32.Rde1 Kg7 33.Re4 Rc6 34.Rxd4 Bxd4 35.Qxd4 Kg8 36.f4 gxf4
37.Qxf4 Rg6 38.Rf1 Qb7 39.Rf3 a5 40.Rg3 Qc6 41.Qxh6  1-0

[Event "Knjaz Milos Jezero Open"]
[Site "Belgrade SCG"]
[Date "2004.08.20"]
[Round "4"]
[White "Zmijanac,D"]
[Black "Kordic,N"]
[Result "1-0"]
[WhiteElo "2236"]
[BlackElo "2129"]

1.d4 d5 2.c4 e6 3.Nf3 Nf6 4.Nc3 Be7 5.Bf4 c6 6.e3 Nbd7 7.h3 h6 8.Qc2 Nh5
9.Bh2 g5 10.O-O-O Ng7 11.e4 Nb6 12.Ne5 Bd7 13.Kb1 Bf6 14.exd5 cxd5 15.c5 Nc8
16.Nxd7 Kxd7 17.Qa4+ Ke7 18.Qb4 Kf8 19.Qxb7 Ne7 20.g4 Ne8 21.Ba6 Kg7 22.Rhe1 Qa5
23.Qb5 Qd8 24.Qa4 h5 25.Bg3 Ng6 26.Bb7 Nf4 27.Bxa8 Qxa8 28.Bxf4 gxf4 29.Qd7 hxg4
30.hxg4 Kg6 31.c6 Qb8 32.Nxd5 exd5 33.Qf5+ Kg7 34.g5 Bd8 35.Rh1 Qc7 36.Rxh8 Kxh8
37.Rh1+ Kg8 38.Qh7+ Kf8 39.Qh8+ Ke7 40.Re1+ Kd6 41.Qxe8 Qc8 42.Qe5+  1-0

[Event "Rapid"]
[Site "Sao Paulo BRA"]
[Date "2004.08.22"]
[Round "6"]
[White "Leitao,R"]
[Black "Milos,G"]
[Result "1-0"]
[WhiteElo "2573"]
[BlackElo "2601"]

1.d4 Nf6 2.c4 e6 3.Nf3 d5 4.Nc3 Be7 5.Bf4 O-O 6.e3 Nbd7 7.c5 c6 8.h3 b6 9.b4 a5
10.a3 Ba6 11.Bxa6 Rxa6 12.b5 cxb5 13.c6 Qc8 14.c7 b4 15.Nb5 a4 16.Rc1 Ne4
17.Nd2 Ndf6 18.f3 Ra5 19.fxe4 Rxb5 20.Bg5 b3 21.e5 b2 22.Rc2 Ne4 23.Bxe7 Nxd2
24.Kxd2 b1=Q 25.Qxb1 Rxb1 26.Rxb1 Re8 27.Rxb6 Qa8 28.c8=Q Rxc8 29.Rxc8+ Qxc8
30.Bd6  1-0

[Event "ch-CAN"]
[Site "Toronto CAN"]
[Date "2004.08.23"]
[Round "4"]
[White "Kret,T"]
[Black "Noritsyn,N"]
[Result "1/2-1/2"]
[WhiteElo "2142"]
[BlackElo "2175"]

1.d4 d5 2.c4 e6 3.Nf3 Nf6 4.Nc3 Be7 5.Bf4 O-O 6.e3 c5 7.dxc5 Bxc5 8.cxd5 Nxd5
9.Nxd5 exd5 10.a3 Nc6 11.Bd3 Bb6 12.O-O Bg4 13.h3 Bh5 14.b4 Re8 15.b5 Na5
16.Rc1 Qe7 17.g4 Bg6 18.Bxg6 hxg6 19.Qxd5 Qxa3 20.Ng5 Qb3 21.Qf3 Qxb5 22.Rfd1 Rad8
23.Ne4 Rxd1+ 24.Rxd1 Qc6 25.Rd5 Nc4 26.h4 Rd8 27.Nc3 Nd2 28.Rxd8+ Bxd8 29.Qxc6 bxc6
30.h5 Ba5 31.Na4 gxh5 32.gxh5 Ne4 33.Be5 c5 34.f3 Ng5 35.Kf2 Ne6 36.Ke2 Kh7
37.Kd3 Kh6 38.f4 f6 39.f5 Nf8 40.Bd6 Nd7 41.Nxc5 Nxc5+ 42.Bxc5 Bb6 43.Bf8 Kh7
44.e4 a5 45.Kc4 Be3 46.Bd6 Kh6 47.Kb5 Kxh5 48.e5 fxe5 49.Bxe5 Bh6 50.Bxg7 Bxg7  1/2-1/2

[Event "1st Autumn"]
[Site "Alushta UKR"]
[Date "2004.09.06"]
[Round "14"]
[White "Malaniuk,V"]
[Black "Ovetchkin,R"]
[Result "0-1"]
[WhiteElo "2555"]
[BlackElo "2475"]

1.d4 d5 2.c4 e6 3.Nf3 Nf6 4.Nc3 Be7 5.Bf4 O-O 6.e3 c5 7.dxc5 Bxc5 8.a3 Nc6
9.Be2 dxc4 10.Qxd8 Rxd8 11.Bxc4 b6 12.O-O Bb7 13.Rfd1 Kf8 14.b4 Be7 15.Kf1 Rac8
16.Be2 Rxd1+ 17.Nxd1 Nh5 18.Bg5 f6 19.Ne1 fxg5 20.Bxh5 Ne5 21.Bf3 Nxf3 22.gxf3 Ba6+  0-1

[Event "LGA Premium Cup"]
[Site "Nuernberg GER"]
[Date "2004.09.11"]
[Round "3"]
[White "Kordts,W"]
[Black "Wagner,Fl"]
[Result "1-0"]
[WhiteElo "2266"]
[BlackElo "2000"]

1.d4 Nf6 2.c4 e6 3.Nf3 d5 4.Nc3 Be7 5.Bf4 c6 6.e3 O-O 7.h3 Nbd7 8.Qc2 Re8
9.a3 dxc4 10.Bxc4 Nb6 11.Bd3 Nbd5 12.Bh2 Qa5 13.O-O Nxc3 14.bxc3 c5 15.Ne5 cxd4
16.exd4 g6 17.Rfb1 Nd7 18.Bb5 Rd8 19.Nc4  1-0

[Event "TCh-SCG Men"]
[Site "Budva SCG"]
[Date "2004.09.12"]
[Round "5"]
[White "Jeremic,V"]
[Black "Abramovic,B"]
[Result "1/2-1/2"]
[WhiteElo "2503"]
[BlackElo "2466"]

1.d4 d5 2.c4 e6 3.Nf3 Nf6 4.Nc3 Be7 5.Bf4 O-O 6.e3 c5 7.dxc5 Bxc5 8.cxd5 Nxd5
9.Nxd5 exd5 10.a3 Nc6 11.Bd3 Be7 12.O-O Bf6 13.Qb3 g5 14.Bg3 h5 15.h4 gxh4
16.Bf4 a5 17.Bc2 Ne7 18.Bh6 Re8 19.Rad1 a4 20.Qb4 Ng6 21.e4 Qa5 22.Qd6 Ra6
23.Rxd5 Rxd6 24.Rxa5 Bd7 25.Bxa4 Rxe4 26.Bb3 Be6 27.Bxe6 Rexe6 28.Rxh5 Bxb2
29.Rb1 Re2 30.Kf1 Rde6 31.Be3 R2xe3 32.fxe3 Bxa3 33.Rxb7 Rxe3 34.Nxh4 Nxh4
35.Rxh4 Bd6 36.Rg4+ Kf8 37.Rb1 Ra3 38.Rd4 Be5 39.Rd2 Kg7 40.Ke2 Kg6 41.Rd3 Ra2+
42.Kf3 f6 43.Rb7 Ra4 44.Rb1 Kg5 45.Re1 Rf4+ 46.Ke3 Ra4 47.Rf1 Ra2 48.Rf2 Ra4
49.Rd8 Ra3+ 50.Rd3 Ra4 51.Rc2 Kf5 52.Kf2 Bd4+ 53.Kf3 Be5 54.g3 Rb4 55.Rh2 Rb1
56.Rh4 Kg6 57.Rh8 Rf1+ 58.Kg2 Ra1 59.Rg8+ Kf5 60.Rf3+ Ke4 61.Rg4+ Kd5 62.Rb4 Ke6
63.Kh3 Kf7 64.g4 Ra2 65.Kh4 Kg6 66.Re4 Rh2+ 67.Rh3 Rg2  1/2-1/2

[Event "TCh-SCG Women"]
[Site "Budva SCG"]
[Date "2004.09.13"]
[Round "6"]
[White "Maksimovic,S"]
[Black "Jovanovic,Mirj"]
[Result "1-0"]
[WhiteElo "2258"]
[BlackElo "2057"]

1.d4 Nf6 2.c4 e6 3.Nf3 d5 4.Nc3 Be7 5.Bf4 c6 6.e3 Nbd7 7.h3 O-O 8.Qc2 Qa5
9.Bd3 dxc4 10.Bxc4 Nd5 11.O-O Nxf4 12.exf4 c5 13.Bd3 g6 14.d5 Nf6 15.Rfe1 Bd6
16.dxe6 Bxe6 17.f5 gxf5 18.Bxf5 Rfe8 19.Ng5 Bd5 20.Nxh7 Nxh7 21.Bxh7+ Kg7
22.Red1  1-0

[Event "TCh-SCG Women"]
[Site "Budva SCG"]
[Date "2004.09.15"]
[Round "7"]
[White "Maric,A"]
[Black "Maksimovic,S"]
[Result "1-0"]
[WhiteElo "2418"]
[BlackElo "2258"]

1.Nf3 Nf6 2.c4 e6 3.Nc3 d5 4.d4 Be7 5.Bf4 O-O 6.e3 c5 7.dxc5 Qa5 8.a3 dxc4
9.Bxc4 Qxc5 10.Qd4 Qxd4 11.Nxd4 a6 12.Be2 Nbd7 13.Bg3 Nc5 14.O-O Nfe4 15.Nxe4 Nxe4
16.Bc7 Bd7 17.Rfc1 Rac8 18.Bf3 Nc5 19.Bg3 Nd3 20.Rd1 Nxb2 21.Rdb1 Nd3 22.Bxb7 Rc3
23.Bxa6 Bxa3 24.Ne2  1-0

[Event "2nd Saipa Cup"]
[Site "Tehran IRI"]
[Date "2004.09.15"]
[Round "3"]
[White "Agamaliev,G"]
[Black "Neverov,V"]
[Result "1/2-1/2"]
[WhiteElo "2515"]
[BlackElo "2537"]

1.d4 d5 2.c4 e6 3.Nc3 Be7 4.Nf3 Nf6 5.Bf4 O-O 6.e3 Nbd7 7.cxd5 Nxd5 8.Nxd5 exd5
9.Bd3 c5 10.O-O c4 11.Bc2 b5 12.b3  1/2-1/2

[Event "Clash of the Titans"]
[Site "Lindsborg USA"]
[Date "2004.09.18"]
[Round "1"]
[White "Polgar,Z"]
[Black "Karpov,Ana"]
[Result "1/2-1/2"]
[WhiteElo "2567"]
[BlackElo "2682"]

1.Nf3 Nf6 2.d4 e6 3.c4 d5 4.Nc3 Be7 5.Bf4 O-O 6.e3 Nbd7 7.cxd5 exd5 8.Bd3 c5
9.dxc5 Nxc5 10.O-O a6 11.h3 Be6 12.Nd4 Qb6 13.Rb1 Rfd8 14.b4 Nxd3 15.Qxd3 Rac8
16.Na4 Qa7 17.Nc5 Bxc5 18.bxc5 Ne4 19.Nxe6 fxe6 20.Be5 Nxc5 21.Qd4 b6 22.Rfc1 Rc6
23.Rc3 Qf7 24.Rbc1 a5 25.Qg4 Rf8 26.Rf1 Rcc8 27.Bd4 Nd7 28.Rb3 Rc2 29.f4 Rxa2
30.f5 e5 31.Bxb6 d4 32.Rbb1 Nxb6 33.Rxb6 dxe3 34.Re1 Qxf5 35.Qxf5 Rxf5 36.Rxe3 Rg5
37.g3  1/2-1/2

[Event "Georgiev-Kesarovski Mem"]
[Site "Sunny Beach BUL"]
[Date "2004.09.21"]
[Round "6"]
[White "Rusev,K"]
[Black "Vachev,V"]
[Result "1-0"]
[WhiteElo "2419"]
[BlackElo "2223"]

1.d4 d5 2.c4 e6 3.Nf3 Nf6 4.Nc3 Be7 5.Bf4 O-O 6.e3 c5 7.dxc5 Bxc5 8.Qc2 Nc6
9.a3 Qa5 10.O-O-O Be7 11.g4 Rd8 12.h3 a6 13.cxd5 Nxd5 14.Nxd5 Rxd5 15.Rxd5 Qxd5
16.e4 Qc5 17.Be3 Qxc2+ 18.Kxc2 Bd7 19.Be2 Rc8 20.Kb1 Kf8 21.Rd1 Ke8 22.Ng5 Bxg5
23.Bxg5 Na5 24.Bd2 Nc4 25.Bb4 a5 26.Be1 a4 27.Rc1 b5 28.Bc3 e5 29.Kc2 Be6
30.Rg1 Nd6 31.f3 f6 32.h4 Bb3+ 33.Kb1 Kf7 34.g5 Nc4 35.Bb4 Ne3 36.Bxb5 Nc2
37.Bd3 Nd4 38.Rf1 Ne6 39.gxf6 gxf6 40.Bc3 Rg8 41.Bc2 Bxc2+ 42.Kxc2 Nc5 43.Kd2 Rg2+
44.Ke3 Rh2 45.Rd1 Rxh4 46.Rd5 Ne6 47.Rd7+ Kg6 48.Rd6 Kf7 49.Kf2 Rh3 50.Ra6 Ng5
51.Rxa4 Rxf3+ 52.Kg2 Rf4 53.Ra7+ Kg6 54.b4 Nxe4 55.Be1 h5 56.b5 Nd6 57.b6 Nc8
58.b7  1-0

[Event "1st Central League"]
[Site "Vrnjacka Banja SCG"]
[Date "2004.09.27"]
[Round "4"]
[White "Kosic,D"]
[Black "Radojcic,S"]
[Result "1-0"]
[WhiteElo "2519"]
[BlackElo "2288"]

1.d4 d5 2.c4 e6 3.Nf3 Nf6 4.Nc3 Be7 5.Bf4 O-O 6.e3 c5 7.dxc5 Qa5 8.Nd2 dxc4
9.Nxc4 Qxc5 10.Bd6 Bxd6 11.Qxd6 Qxd6 12.Nxd6 Rd8 13.O-O-O Nc6 14.Bb5 Kf8
15.Bxc6 bxc6 16.Nc4 Rxd1+ 17.Rxd1 Ke7 18.Ne5 Bd7 19.f3 Be8 20.e4 Rd8 21.Rxd8 Kxd8
22.Na4 Ke7 23.b4 Ng8 24.Nc4 f6 25.f4 Nh6 26.Nc5 Nf7 27.e5 Bd7  1-0

[Event "Monarch Assurance"]
[Site "Port Erin IOM"]
[Date "2004.10.01"]
[Round "7"]
[White "Conquest,S"]
[Black "Pavlovic,Mi"]
[Result "1/2-1/2"]
[WhiteElo "2488"]
[BlackElo "2498"]

1.d4 Nf6 2.c4 e6 3.Nf3 d5 4.Nc3 Be7 5.Bf4 O-O 6.e3 Nbd7 7.c5 c6 8.Bd3 b6
9.b4 a5 10.a3 Ba6 11.O-O Qc8 12.h3 Qb7 13.Re1 Bxd3 14.Qxd3 Ra7 15.Nd2 Rfa8
16.Rab1  1/2-1/2

[Event "9th ECC w"]
[Site "Izmir TUR"]
[Date "2004.10.07"]
[Round "5"]
[White "Lomineishvili,M"]
[Black "Gaponenko,I"]
[Result "1/2-1/2"]
[WhiteElo "2429"]
[BlackElo "2445"]

1.d4 d5 2.c4 e6 3.Nc3 Be7 4.Nf3 Nf6 5.Bf4 O-O 6.e3 Nbd7 7.Rc1 c5 8.dxc5 Nxc5
9.cxd5 Nxd5 10.Nxd5 exd5 11.a3 Bg4 12.Be2 Ne6 13.Be5 Bf6 14.Qd2 Bxe5 15.Nxe5 Bxe2
16.Qxe2 d4 17.O-O Qd5 18.Nf3 dxe3 19.Qxe3 Rfd8 20.Rc3 b5  1/2-1/2

[Event "Essent Open"]
[Site "Hoogeveen NED"]
[Date "2004.10.15"]
[Round "1"]
[White "Gurevich,M"]
[Black "Porat,Dav"]
[Result "1-0"]
[WhiteElo "2644"]
[BlackElo "2280"]

1.c4 e6 2.Nf3 d5 3.d4 Nf6 4.Nc3 Be7 5.Bf4 O-O 6.e3 c5 7.dxc5 Bxc5 8.Qc2 Nc6
9.Rd1 Qa5 10.Be2 a6 11.O-O Be7 12.a3 dxc4 13.Bxc4 b5 14.Bd3 Bb7 15.Ne4 Nd5
16.Nd6 Qb6 17.Nxb7 Qxb7 18.Bxh7+ Kh8 19.Be4 Bf6 20.Bxd5 exd5 21.Rxd5  1-0

[Event "4NCL"]
[Site "West Bromwich ENG"]
[Date "2004.10.18"]
[Round "1"]
[White "Williams,Si"]
[Black "Allicock,R"]
[Result "1-0"]
[WhiteElo "2427"]
[BlackElo "2292"]

1.d4 Nf6 2.c4 e6 3.Nf3 d5 4.Nc3 Be7 5.Bf4 O-O 6.e3 c5 7.dxc5 Bxc5 8.Qc2 Nc6
9.a3 Be7 10.O-O-O a6 11.h4 Qa5 12.Ng5 dxc4 13.Bxc4 Qc5 14.Ba2 Rd8 15.b4 Qb6
16.Nce4 h6 17.Nxf6+ Bxf6 18.Rd6 a5 19.Qh7+ Kf8 20.Rhd1 Qb5 21.Qh8+ Ke7 22.Rxd8 Nxd8
23.Qxd8+  1-0